Регионална библиотека "Любен Каравелов" - Русе

Зарът е хвърлен (Запис номер 29635)

MARC детайли
000 -Лидер
Контролно поле с фиксирана дължина 01317nam a2200337 c 4500
003 - Код на организацията, давaща контролен номер
Контролно поле BLK
005 - Дата и час на последна редакция
Контролно поле 20220224162823.0
008 - Елементи от данни с фиксирана дължина
fixed length control field 180407b bul|||||r ||||||| ||bul||
010 ## - Наследен системен номер
LC control number KNG00032255000
020 ## - Международен стандартен номер на книга ISBN
Международен стандартен номер на книга ISBN 954-8952-26-2
040 ## - Източник на каталожния запис
Идентификатор на билиотеката - собственик на записа BLK
041 ## - Код за език
Код за езика на текст/звукозапис или на отделно заглавие Български
Код за езика КДБФ Български
072 #7 - Код за тематичната категория
Код организация bullib
Код за тематична категория Я
Текст Автографи
072 #7 - Код за тематичната категория
Код организация bullib
Код за тематична категория РА
Текст Русенски автори
080 ## - УДК
Текстов определител УДК Българска литература
УДК код - определител по УДК 821.163.2
УДК определител -1
УДК - код + определител 821.163.2-1
100 1# - Редна дума - Автор
Автор Влайкова, Елена Методиева
Авторска отговорност първи автор
Автор - информация (биография) Богданова-Влайкова, Елена Методиева
R(LIN) 258265
139 ## - Редно поле
Редна дума Влайкова, Елена Методиева
Авторски знак Влайков - В 71
245 10 - Сведения за заглавието
Заглавие Зарът е хвърлен
Подзаглавни данни Стихотворения
Редно поле (дума) Елена Методиева Влайкова; * Елена Методиева Богданова-Влайкова.
257 ## - Страна на издаване
Страна на създаване/издаване България
260 ## - Област на издателските данни
Име на издателя, разпространителя и проч. Изд. авт.
Година на издаване 2000
300 ## - Физическа характеристика
Страници 48 с.
Размери/Мащаб 20 см
380 ## - Жанр
Жанр Худож. лит.
659 ## - Тематичен бюлетин
Тематичен бюлетин К
659 ## - Тематичен бюлетин
Тематичен бюлетин Я
700 1# - Други автори (авторска отговорност)
Лично име Богданова-Влайкова, Елена Методиева
Автороска отговорност (Описва отношението между автора и произведението) *
9 (RLIN) 366449
852 ## - Местоположение
Форматна сигнатура Цб 204975
852 ## - Местоположение
Форматна сигнатура К 821.163.2/В 71 Е
856 4# - Електронен адрес и достъп
Електронен формат pdf - файл
856 4# - Електронен адрес и достъп
Електронен формат pdf - файл
999 ## - СИСТЕМНИ КОНТРОЛНИ НОМЕРА
Koha biblionumber 29635
Koha biblioitemnumber 29635
942 ## - АРТИКУЛИ
Вид на библиотечния материал Книги
Скрит в OPAC Не
Периодичен библиозапис Да
944 ## - СЪЗДАВАНЕ И РЕДАКЦИЯ на ЗАПИСА
Създаване/Редакция Създаване
Дата на регистрацията/редакция 15.01.2003
Служител, извършил регистрацията/редакцията Ренета_Константинова
944 ## - СЪЗДАВАНЕ И РЕДАКЦИЯ на ЗАПИСА
Създаване/Редакция Редакция
Дата на регистрацията/редакция 24.10.2014
999 ## - СИСТЕМНИ КОНТРОЛНИ НОМЕРА
Koha biblioitemnumber 29635
Наличности
Код за отписване Код за изгубен артикул Източник на класификационната схема Код за повреда Коз за рестрикции Код за отдаване Артикулен № Име на библиотеката - собственик Име на библиотеката, в която се намира в момента Статус (Текущо местоположение) Дата на вписване в системата Местоположение - отдел Цена в лева Инвентарен номер Систематично азбучна сигнатура Баркод Номер на екземпляра Цена в евро Служебен тип на артикула Служебна бележка Номерация (Хронология)
  Не е изгубен Universal Decimal Classification Не е повреден без рестрикции ползва се в читалня 47540 Регионална библиотека "Любен Каравелов" Русе Регионална библиотека "Любен Каравелов" Русе Хранилище 2001-01-01 Основен фонд - ползва се само за читалня 2.00 655784 Цб 204975 Е 120000655784 1 1.02 Книги    
  Не е изгубен Universal Decimal Classification Не е повреден без рестрикции ползва се в читалня 47541 Регионална библиотека "Любен Каравелов" Русе Регионална библиотека "Любен Каравелов" Русе Краезнание 2001-01-01 Краезнание 2.00 655786 К 821.163.2/В 71 Е 120000655786 2 1.02 Книги Дата инв: 16.11.2017 Бележки инв: К2017  
  Не е изгубен Universal Decimal Classification Не е повреден без рестрикции ползва се в читалня 47542 Регионална библиотека "Любен Каравелов" Русе Регионална библиотека "Любен Каравелов" Русе Краезнание 2001-01-01 Краезнание 2.00 655787 К 821.163.2/В 71 Е 120000655787 3 1.02 Книги Дата инв: 14.11.2017 Бележки инв: К2017 Автограф: Елена Влайкова
Vip Innovations Ltd, Rousse, Bulgaria 2025